header

Networks of interacting machines (Record no. 248602)

MARC details
000 -LEADER
fixed length control field 01600nam a2200373Ia 4500
082 04 - DEWEY DECIMAL CLASSIFICATION NUMBER
Classification number 658.5
100 1# - MAIN ENTRY--AUTHOR NAME
Personal name Armbruster, Dieter.
245 10 - TITLE STATEMENT
Title Networks of interacting machines
260 ## - PUBLICATION, DISTRIBUTION, ETC. (IMPRINT)
Place of publication Hackensack, NJ :
Name of publisher World Scientific,
Year of publication c2005.
300 ## - PHYSICAL DESCRIPTION
Number of Pages xii, 267 p. :
Other physical details ill. (some col.).
490 1# - SERIES STATEMENT
Series statement World Scientific lecture notes in complex systems ;
650 #0 - SUBJECT ADDED ENTRY--TOPICAL TERM
Topical Term Production management.
Topical Term Production (Economic theory)
Topical Term Cell interaction.
700 1# - ADDED ENTRY--PERSONAL NAME
Personal name Kaneko, Kunihiko.
Personal name Mikhailov, A. S.
856 40 - ELECTRONIC LOCATION AND ACCESS
Uniform Resource Identifier http://site.ebrary.com/lib/rucke/Doc?id=10174115

No items available.

© 2026 Rongo University
Contact us: librarian | system librarian | Rongo university